<?xml version="1.0" encoding="UTF-8"?>
<record
    xmlns:xsi="http://www.w3.org/2001/XMLSchema-instance"
    xsi:schemaLocation="http://www.loc.gov/MARC21/slim http://www.loc.gov/standards/marcxml/schema/MARC21slim.xsd"
    xmlns="http://www.loc.gov/MARC21/slim">

  <leader>01881nam a22002537a 4500</leader>
  <controlfield tag="003">NALT</controlfield>
  <controlfield tag="005">20240314095530.0</controlfield>
  <controlfield tag="008">231206b        th ||||| |||| 00| 0 eng d</controlfield>
  <datafield tag="020" ind1=" " ind2=" ">
    <subfield code="a">9781733576079</subfield>
  </datafield>
  <datafield tag="040" ind1=" " ind2=" ">
    <subfield code="a">NALT</subfield>
  </datafield>
  <datafield tag="050" ind1=" " ind2=" ">
    <subfield code="a">QH 76</subfield>
    <subfield code="b">L86O 2021</subfield>
  </datafield>
  <datafield tag="100" ind1="1" ind2=" ">
    <subfield code="9">62280</subfield>
    <subfield code="a">Jewell, Sally</subfield>
  </datafield>
  <datafield tag="245" ind1="1" ind2="0">
    <subfield code="a">Our national monuments America's Hidden Gems /</subfield>
    <subfield code="c">QT Luong ; foreword by Sally Jewell ; Marine National Monuments text and photographs by Ian Shive ; with contributions from 27 citizen organizations protecting our public lands and waters at risk.</subfield>
  </datafield>
  <datafield tag="250" ind1=" " ind2=" ">
    <subfield code="a">First edition</subfield>
  </datafield>
  <datafield tag="260" ind1=" " ind2=" ">
    <subfield code="a">California :</subfield>
    <subfield code="b">Terra galleria press,</subfield>
    <subfield code="c">2021.</subfield>
  </datafield>
  <datafield tag="300" ind1=" " ind2=" ">
    <subfield code="a">307 p. :</subfield>
    <subfield code="b">ill. ;</subfield>
    <subfield code="c">26 cm.</subfield>
  </datafield>
  <datafield tag="505" ind1="0" ind2=" ">
    <subfield code="a">FOREWORD by Sally Jewell --
INTRODUCTION --
MAINE --
Katahdin Woods and Waters --
MONTANA --
Upper Missouri River Breaks --
WASHINGTON --
Hanford Reach --
IDAHO --
Craters of the Moon --
OREGON --
Cascade-Siskiyou --
CALIFORNIA --
Berryessa Snow Mountain --
Giant Sequoia --
Carrizo Plain --
San Gabriel Mountains --
Sand to Snow --
Mojave Trails --
NEVADA --
Basin and Range --
Gold Butte --
UTAH  --
Bears Ears --
Grand Staircase-Escalante --
COLORADO --
Canyons of the Ancients --
ARIZONA --
Vermilion Cliffs --
Grand Canyon-Parashant --
Sonoran Desert &#x2013;
Ironcood Forest --
NEW MEXICO --
Rio Grande del Norte --
Organ Mountains-Desert Peaks --
MARINE NATIONAL MONUMEN TS  --
Papahanaumokuakea --
Pacific Remote Islands --
Rose Atoll- --
Mariana Trench --
Northeast Canyons and Seamounts --
AFTERWORD --
ACKNOWLEDGMENTS --
COLOPHON.
</subfield>
  </datafield>
  <datafield tag="650" ind1=" " ind2="0">
    <subfield code="a">National monuments</subfield>
    <subfield code="z">United States</subfield>
    <subfield code="9">63279</subfield>
  </datafield>
  <datafield tag="650" ind1=" " ind2="0">
    <subfield code="a">Natural monuments </subfield>
    <subfield code="z">United States</subfield>
    <subfield code="9">63280</subfield>
  </datafield>
  <datafield tag="942" ind1=" " ind2=" ">
    <subfield code="c">GB</subfield>
    <subfield code="2">lcc</subfield>
  </datafield>
  <datafield tag="952" ind1=" " ind2=" ">
    <subfield code="0">0</subfield>
    <subfield code="1">0</subfield>
    <subfield code="2">lcc</subfield>
    <subfield code="4">0</subfield>
    <subfield code="7">0</subfield>
    <subfield code="8">CGBL</subfield>
    <subfield code="a">NALT</subfield>
    <subfield code="b">NALT</subfield>
    <subfield code="c">GEN</subfield>
    <subfield code="d">2023-12-06</subfield>
    <subfield code="l">0</subfield>
    <subfield code="o">QH 76 L86O 2021</subfield>
    <subfield code="p">3961223943</subfield>
    <subfield code="r">2024-03-15</subfield>
    <subfield code="w">2023-12-06</subfield>
    <subfield code="y">GB</subfield>
  </datafield>
  <datafield tag="996" ind1=" " ind2=" ">
    <subfield code="a">chunbijaya.r</subfield>
    <subfield code="b">CATSTF	</subfield>
    <subfield code="c">2023-12-06</subfield>
  </datafield>
  <datafield tag="996" ind1=" " ind2=" ">
    <subfield code="a">jamriang.p</subfield>
    <subfield code="b">CATSTF	</subfield>
    <subfield code="c">2024-03-07</subfield>
  </datafield>
  <datafield tag="999" ind1=" " ind2=" ">
    <subfield code="c">104011</subfield>
    <subfield code="d">104011</subfield>
  </datafield>
  <datafield tag="998" ind1=" " ind2=" ">
    <subfield code="j">1524</subfield>
    <subfield code="k"> &#xE19;&#xE32;&#xE07;&#xE2A;&#xE32;&#xE27;&#xE28;&#xE23;&#xE31;&#xE13;&#xE22;&#xE4C;&#xE20;&#xE23;  &#xE0A;&#xE33;&#xE19;&#xE32;&#xE0D;&#xE1B;&#xE48;&#xE32;</subfield>
  </datafield>
</record>
